00982aam a2200265 i 4500001001400000003000400014005001700018008004100035015001400076020003800090040002900128082001700157111006600174245004200240246004100282264005200323300006600375336002100441336002800462337002500490338002300515500010900538650003700647650003200684vtls000728591PNM20230328100451.0160506t20132013my ao fr 000 0ceng  aM13-15964 a9789671156513qpaperbackcRM10.00 aBNMbengcBNMerdadPPAK04223a759.95952 aVIII (Exhibition)d(2013 :cSegaris Art Center, Kuala Lumpur)00aVIII :b15 February - 11 March 2013 /3 aEight :b15 February - 11 March 2013 1aKuala Lumpur :bSegaris Art Center (SAc),c2013 a70 pages :bcolour illustrations, colour photographs ;c22 cm atext2rdacontent astill image2rdacontent aunmediated2rdamedia avolume2rdacarrier aHeld at Segaris Art Center, Publika Shopping Gallery, Kuala Lumpur from 15 February until 11 March 2013.10aPainting, MalaysianvExhibitions20aArt, MalaysianvExhibitions